| 000 | 00735nam a22002417a 4500 | ||
|---|---|---|---|
| 003 | BD-DhJNU | ||
| 005 | 20250119064756.0 | ||
| 008 | 250119b |||||||| |||| 00| 0 eng d | ||
| 020 | _a9780582237254 | ||
| 020 | _a0582237254 | ||
| 040 |
_aBD-DhJNU _bENG _cBD-DhJNU _dBD-DhJNU |
||
| 082 |
_223 _a425 |
||
| 245 |
_aLongman grammar of spoken and written English / _cDouglas Biber... [et all.]. |
||
| 260 |
_aEngland : _bPearson Education Limited, _c2007. |
||
| 300 |
_axxv, 1204 p. : _bill. ; _c25 cm. |
||
| 504 | _aincludes bibliographical reference and index | ||
| 650 | _aEnglish Language | ||
| 700 | _aJohansson, Stig | ||
| 700 | _aLeech, Geoffrey | ||
| 700 | _aConrad, Susan | ||
| 700 | _aFinegan, Edward | ||
| 942 |
_2ddc _cBK _n0 |
||
| 999 |
_c1105 _d1105 |
||